Nunayude Kshanikathakal Thedy (Record no. 96260)

MARC details
000 -LEADER
fixed length control field 00408nam a2200145Ia 4500
008 - FIXED-LENGTH DATA ELEMENTS--GENERAL INFORMATION
fixed length control field 211118s9999||||xx |||||||||||||| ||und||
082 ## - DEWEY DECIMAL CLASSIFICATION NUMBER
Classification number 894.8123
Item number MOH-N
100 ## - MAIN ENTRY--PERSONAL NAME
Personal name Mohanan, N
245 #0 - TITLE STATEMENT
Title Nunayude Kshanikathakal Thedy
260 ## - PUBLICATION, DISTRIBUTION, ETC.
Name of publisher, distributor, etc. Imprint Books
Place of publication, distribution, etc. Kollam
Date of publication, distribution, etc. 1998
300 ## - PHYSICAL DESCRIPTION
Extent 86p
630 ## - SUBJECT ADDED ENTRY--UNIFORM TITLE
General subdivision Malayalam NovelGeneral Stack
650 ## - SUBJECT ADDED ENTRY--TOPICAL TERM
Topical term or geographic name entry element Malayalam Literature
942 ## - ADDED ENTRY ELEMENTS (KOHA)
Koha item type BOOK
650 ## - SUBJECT ADDED ENTRY--TOPICAL TERM
Form subdivision Malayalam FictionMalayalam
Holdings
Withdrawn status Lost status Damaged status Not for loan Home library Current library Date acquired Cost, normal purchase price Total Checkouts Full call number Barcode Shelving location Date last seen Price effective from Koha item type
        SB LIBRARY SB LIBRARY 18/11/2021 35.00   894.8123 MOH-N 00101481 GENERAL STACK 18/11/2021 18/11/2021 BOOK

Powered by Koha